[Event "SV Letmathe 1 - SF Gerresheim 1"]
[Site "NRW-Klasse, Gruppe 2 2016/201"]
[Date "2016.12.11"]
[Round "4.1"]
[White "Solodovnichenko, Yuri"]
[Black "Kolosowski, Mateusz"]
[Result "1-0"]
[WhiteElo "2612"]
[BlackElo "2433"]
[PlyCount "107"]
[EventDate "2016.??.??"]
[WhiteTeam "SF Gerresheim 1"]
[BlackTeam "SV Letmathe 1"]

1. e4 e5 2. Nf3 Nc6 3. Bb5 a6 4. Ba4 Nf6 5. O-O b5 6. Bb3 Bc5 7. a4 Rb8 8. c3
d6 9. d4 Bb6 10. a5 Ba7 11. h3 O-O 12. Be3 Ra8 13. Nbd2 h6 14. Re1 exd4 15.
Nxd4 Nxd4 16. Bxd4 Re8 17. Nf1 c5 18. Bxf6 Qxf6 19. Bd5 c4 20. Qf3 Qxf3 21.
gxf3 Rb8 22. Kg2 Be6 23. Red1 Bc5 24. Ne3 Kf8 25. Nc2 Re7 26. Rd2 Bxd5 27. Rxd5
Re6 28. Rad1 Ke7 29. Nd4 Bxd4 30. R1xd4 Rg6+ 31. Kf1 Rf6 32. h4 Rd8 33. Ke2 Rf4
34. h5 g5 35. hxg6 fxg6 36. Rd1 Rf6 37. e5 Re6 38. f4 Rf8 39. Rxd6 Rxf4 40.
Rxe6+ Kxe6 41. Rd6+ Kxe5 42. Rxa6 Kd5 43. Rxg6 Rh4 44. Kf1 Rh1+ 45. Rg1 Rh5 46.
a6 Kc6 47. Rg7 Rh1+ 48. Kg2 Ra1 49. a7 Kd5 50. Kg3 Ke4 51. Kg4 Kd3 52. f4 Ke4
53. Re7+ Kd5 54. f5 1-0

[Event "SV Letmathe 1 - SF Gerresheim 1"]
[Site "NRW-Klasse, Gruppe 2 2016/201"]
[Date "2016.12.11"]
[Round "4.2"]
[White "Podzielny, Karl-Heinz"]
[Black "Orlov, Andrey"]
[Result "1/2-1/2"]
[WhiteElo "2333"]
[BlackElo "2444"]
[PlyCount "82"]
[EventDate "2016.??.??"]
[WhiteTeam "SV Letmathe 1"]
[BlackTeam "SF Gerresheim 1"]

1. Nf3 g6 2. c4 Bg7 3. Nc3 e5 4. g3 Nc6 5. Bg2 d6 6. d3 h6 7. Bd2 Be6 8. Rb1
Qd7 9. h4 f5 10. b4 Nf6 11. b5 Nd8 12. Qc1 Nf7 13. Nh2 Qc8 14. Nd5 Nxd5 15.
cxd5 Bd7 16. Nf1 b6 17. Ne3 a6 18. a4 axb5 19. axb5 O-O 20. Qc4 Ra7 21. Nc2 Qe8
22. Bc3 Bf6 23. e4 h5 24. exf5 gxf5 25. O-O Nh6 26. d4 e4 27. Bd2 Kh7 28. Rfe1
Rg8 29. Bf4 Qe7 30. Ra1 Rb7 31. Ne3 Qg7 32. Ra4 Ng4 33. Re2 Qf7 34. Rea2 Qe8
35. Ra7 Qb8 36. Rxb7 Qxb7 37. Rc2 Rg7 38. Qe2 Kg8 39. Qc4 Kh7 40. Ra2 Qb8 41.
Rc2 Qb7 1/2-1/2

[Event "SV Letmathe 1 - SF Gerresheim 1"]
[Site "NRW-Klasse, Gruppe 2 2016/201"]
[Date "2016.12.11"]
[Round "4.3"]
[White "Stets, Dmitry"]
[Black "Adamski, Jan"]
[Result "1-0"]
[WhiteElo "2425"]
[BlackElo "2246"]
[PlyCount "69"]
[EventDate "2016.??.??"]
[WhiteTeam "SF Gerresheim 1"]
[BlackTeam "SV Letmathe 1"]

1. e4 c5 2. Nf3 a6 3. c3 g6 4. d4 cxd4 5. cxd4 d5 6. exd5 Nf6 7. Nc3 Bg7 8. Bc4
b5 9. Bb3 Bb7 10. O-O O-O 11. Re1 Nxd5 12. Bg5 Nxc3 13. bxc3 Re8 14. a4 Nc6 15.
Rb1 Qd7 16. Qe2 e6 17. axb5 axb5 18. Qxb5 Ba6 19. Qc5 Rec8 20. d5 Nd4 21. cxd4
Rxc5 22. dxe6 Qc6 23. exf7+ Kh8 24. dxc5 h6 25. Be7 Bd3 26. Rbd1 Be4 27. Nd4
Qb7 28. Bd6 Bxd4 29. Rxd4 Qxb3 30. f8=Q+ Rxf8 31. Bxf8 Bc6 32. Rd8 Qc3 33. Bd6+
Kg7 34. Be5+ Qxe5 35. Rxe5 1-0

[Event "SV Letmathe 1 - SF Gerresheim 1"]
[Site "NRW-Klasse, Gruppe 2 2016/201"]
[Date "2016.12.11"]
[Round "4.4"]
[White "Schleining, Zoya"]
[Black "Kooijmans, Jermo"]
[Result "1-0"]
[WhiteElo "2329"]
[BlackElo "2178"]
[PlyCount "99"]
[EventDate "2016.??.??"]
[WhiteTeam "SV Letmathe 1"]
[BlackTeam "SF Gerresheim 1"]

1. d4 Nf6 2. Nf3 e6 3. Bf4 d5 4. e3 c5 5. c3 Nc6 6. Nbd2 Bd6 7. Bg3 O-O 8. Bd3
b6 9. Qe2 Bb7 10. Rd1 Re8 11. e4 Be7 12. e5 Nd7 13. a3 f5 14. h4 a5 15. Bf4 Nf8
16. h5 Qc8 17. Rg1 Ba6 18. g4 Bxd3 19. Qxd3 c4 20. Qe3 fxg4 21. Rxg4 Ra7 22.
Ke2 Bd8 23. Rdg1 Ree7 24. Nh4 Rf7 25. Qg3 Bxh4 26. Qxh4 Ne7 27. Nf3 Nf5 28. Qh3
Qe8 29. Qf1 Rfb7 30. Rh1 b5 31. Bd2 h6 32. Qg2 b4 33. cxb4 Qb5 34. Bc3 axb4 35.
axb4 Ra2 36. Rb1 Qa4 37. Kd2 Rxb4 38. Nh4 Rb7 39. Nxf5 exf5 40. Qxd5+ Kh7 41.
Qxb7 fxg4 42. d5 Qd7 43. Qxd7 Nxd7 44. Rg1 g6 45. hxg6+ Kxg6 46. Rxg4+ Kf5 47.
Rh4 Kg5 48. Rxc4 h5 49. e6 Nb6 50. Rc6 1-0

[Event "SV Letmathe 1 - SF Gerresheim 1"]
[Site "NRW-Klasse, Gruppe 2 2016/201"]
[Date "2016.12.11"]
[Round "4.5"]
[White "Agterberg, Mark"]
[Black "Gruermann, Martin"]
[Result "0-1"]
[WhiteElo "2122"]
[BlackElo "2169"]
[Annotator "Hausrath,Daniel"]
[PlyCount "122"]
[EventDate "2016.??.??"]
[WhiteTeam "SF Gerresheim 1"]
[BlackTeam "SV Letmathe 1"]

1. d4 d5 2. Bg5 c5 3. dxc5 f6 4. Bd2 e5 5. b4 a5 6. e4 axb4 7. Bxb4 Nc6 8. c3
Be6 9. Qb3 Qd7 10. Nd2 Nge7 11. Rd1 Rd8 12. Bb5 dxe4 13. Bc4 Bxc4 14. Qxc4 f5
15. Ne2 Qd3 16. O-O Nd5 17. a3 Be7 18. Nc1 Qxc4 19. Nxc4 O-O 20. g3 Kf7 21. Nb3
Ke6 22. Nba5 Nxa5 23. Nxa5 e3 24. fxe3 Nxe3 25. Rxd8 Bxd8 26. Rf3 Bxa5 27. Rxe3
Ra8 28. Kg2 $11 Bc7 29. c4 e4 30. Rb3 Be5 31. Bd2 Rb8 32. Bf4 Bxf4 33. gxf4 Kd7
34. Rb6 Kc7 35. Re6 Rd8 36. h4 Rd2+ 37. Kg3 g6 38. h5 Rd3+ 39. Kh4 gxh5 40. Kg5
h4 41. Kxf5 e3 42. Kg4 Kd7 43. Re4 Kc6 44. Kxh4 Kxc5 45. Kg3 Rxa3 46. f5 e2+
47. Kf2 $11 e1=Q+ 48. Kxe1 Rf3 49. Re7 b6 50. Rxh7 Rxf5 51. Rc7+ Kd6 52. Rb7
Kc6 53. Rb8 Rf4 54. Kd2 Rxc4 55. Rc8+ Kb5 56. Rxc4 Kxc4 57. Kc2 Kb4 58. Kb2 b5
59. Kb1 Kb3 60. Ka1 b4 61. Kb1 Ka3 0-1

[Event "SV Letmathe 1 - SF Gerresheim 1"]
[Site "NRW-Klasse, Gruppe 2 2016/201"]
[Date "2016.12.11"]
[Round "4.6"]
[White "Haude, Ruediger"]
[Black "Dresen, Ulrich"]
[Result "1/2-1/2"]
[WhiteElo "2041"]
[BlackElo "2175"]
[Annotator "Hausrath,Daniel"]
[PlyCount "122"]
[EventDate "2016.??.??"]
[WhiteTeam "SV Letmathe 1"]
[BlackTeam "SF Gerresheim 1"]

1. d4 d5 2. Nf3 Nf6 3. g3 c6 4. Bg2 Bg4 5. Nbd2 Nbd7 6. O-O e6 7. b3 a5 8. a3
Bd6 9. Bb2 Qb8 10. Qe1 O-O 11. e4 Nxe4 12. Nxe4 dxe4 13. Qxe4 Bh5 14. Ne5 Nxe5
15. dxe5 Bc5 16. g4 Bg6 17. Qe2 Rd8 18. Kh1 Bd4 19. Bxd4 Rxd4 20. Rad1 Rxd1 21.
Rxd1 Qf8 22. Rd6 Qe7 23. Qd2 h6 24. f4 h5 25. g5 Qc7 26. Bf3 Qb6 27. a4 Qc5 28.
c4 h4 29. Kg2 Bf5 30. Qf2 Qb4 31. Qe3 Bc2 32. Bd1 Bf5 33. Kf2 Rc8 34. Qd2 Qc5+
35. Qd4 Qb4 36. c5 Qxd4+ 37. Rxd4 Kf8 38. Ke3 Ke7 39. Be2 Ra8 $11 40. Rd6 Rb8
41. Kd4 Rf8 42. Bd3 Bxd3 43. Kxd3 f6 44. gxf6+ gxf6 45. Ke4 fxe5 46. fxe5 Rf2
47. h3 Rc2 48. Rd3 Rxc5 49. Kf4 b5 50. Rd4 Rd5 51. Re4 Rd3 52. b4 axb4 53. Rxb4
bxa4 54. Rxa4 Rxh3 55. Ra7+ Ke8 56. Ra8+ Kd7 57. Ra7+ Kd8 58. Ra8+ Kc7 59. Ra7+
Kd8 60. Ra8+ Kc7 61. Ra7+ Kd8 1/2-1/2

[Event "SV Letmathe 1 - SF Gerresheim 1"]
[Site "NRW-Klasse, Gruppe 2 2016/201"]
[Date "2016.12.11"]
[Round "4.7"]
[White "Volkov, Mykyta"]
[Black "Pfleger, Sascha"]
[Result "1/2-1/2"]
[WhiteElo "2175"]
[BlackElo "1980"]
[PlyCount "109"]
[EventDate "2016.??.??"]
[WhiteTeam "SF Gerresheim 1"]
[BlackTeam "SV Letmathe 1"]

1. d4 e6 2. c4 Bb4+ 3. Bd2 Qe7 4. g3 Nf6 5. Nc3 Bxc3 6. Bxc3 Ne4 7. Rc1 a5 8.
Bg2 Nxc3 9. Rxc3 Nc6 10. Nf3 O-O 11. O-O d6 12. d5 Nd8 13. Qc2 Ra6 14. c5 exd5
15. cxd6 Qxd6 16. Rxc7 Rc6 17. Rxc6 Nxc6 18. Rd1 Qf6 19. Qc3 Qxc3 20. bxc3 Be6
21. Rb1 Rc8 22. Rxb7 Nd8 23. Ra7 Rxc3 24. h4 Kf8 25. Rxa5 Nc6 26. Ra4 Rc1+ 27.
Kh2 Rc2 28. Bf1 d4 29. Nxd4 Nxd4 30. Rxd4 Bxa2 31. Rd8+ Ke7 32. Rd3 Bc4 33.
Re3+ Kd6 34. Kg2 h5 35. f3 Be6 36. Kf2 Rc1 37. Rd3+ Ke5 38. Rd2 g6 39. f4+ Kf6
40. Bg2 Rc3 41. Bf3 Bh3 42. e4 Rc1 43. Be2 Rh1 44. Bf3 Rf1+ 45. Ke3 Re1+ 46.
Re2 Ra1 47. Rd2 Rb1 48. Kf2 Rf1+ 49. Ke2 Ra1 50. Rd1 Ra2+ 51. Ke3 Bg2 52. e5+
Ke7 53. Be2 Bh3 54. Rd3 Ra1 55. Rc3 1/2-1/2

[Event "SV Letmathe 1 - SF Gerresheim 1"]
[Site "NRW-Klasse, Gruppe 2 2016/201"]
[Date "2016.12.11"]
[Round "4.8"]
[White "Hunold, Rolf"]
[Black "Selten, Jan"]
[Result "0-1"]
[WhiteElo "1946"]
[BlackElo "2071"]
[PlyCount "66"]
[EventDate "2016.??.??"]
[WhiteTeam "SV Letmathe 1"]
[BlackTeam "SF Gerresheim 1"]

1. e4 e6 2. d4 d5 3. Nc3 Nf6 4. Bg5 Be7 5. e5 Nfd7 6. Bxe7 Qxe7 7. f4 a6 8. Nf3
c5 9. Qd2 Nc6 10. dxc5 Nxc5 11. O-O-O b5 12. Bd3 Bd7 13. Kb1 O-O 14. Ne2 b4 15.
Ned4 Nxd3 16. cxd3 a5 17. Nxc6 Bxc6 18. Rc1 Rfc8 19. Nd4 Bd7 20. Qe3 g6 21. g4
Qh4 22. h3 a4 23. f5 gxf5 24. gxf5 Kh8 25. Rxc8+ Rxc8 26. f6 Rg8 27. Nf3 Qh5
28. Rg1 Rg6 29. Ng5 Rg8 30. h4 Bb5 31. Ka1 a3 32. Qf3 Rxg5 33. Qxh5 Rxg1+ 0-1

[Event "SK Münster 2 - SG Niederkassel 1"]
[Site "NRW-Klasse, Gruppe 2 2016/201"]
[Date "2016.12.11"]
[Round "4.1"]
[White "Schienmann, Bruno"]
[Black "Emunds, Hans Georg"]
[Result "1-0"]
[WhiteElo "2266"]
[BlackElo "2119"]
[PlyCount "33"]
[EventDate "2016.??.??"]
[WhiteTeam "SG Niederkassel 1"]
[BlackTeam "SK Münster 2"]

1. d4 Nf6 2. c4 e6 3. Nc3 Bb4 4. e3 d5 5. a3 Be7 6. Nf3 O-O 7. Bd3 dxc4 8. Bxc4
c5 9. O-O Nbd7 10. Re1 Nb6 11. Ba2 cxd4 12. exd4 Nbd5 13. Qd3 b6 14. Ne5 Bb7
15. Bg5 Nd7 16. Bxd5 Bxd5 17. Bxe7 1-0

[Event "SK Münster 2 - SG Niederkassel 1"]
[Site "NRW-Klasse, Gruppe 2 2016/201"]
[Date "2016.12.11"]
[Round "4.2"]
[White "Wieder, Heiner"]
[Black "Rybarczyk, Klaus"]
[Result "1/2-1/2"]
[WhiteElo "2105"]
[BlackElo "2219"]
[PlyCount "73"]
[EventDate "2016.??.??"]
[WhiteTeam "SK Münster 2"]
[BlackTeam "SG Niederkassel 1"]

1. e4 c5 2. Nf3 d6 3. d4 cxd4 4. Nxd4 Nf6 5. Nc3 a6 6. Be3 e6 7. f3 b5 8. g4 b4
9. Nce2 Bb7 10. Ng3 Qc7 11. g5 Nfd7 12. Bg2 d5 13. f4 Nb6 14. Qe2 Bc5 15. f5 e5
16. exd5 Nxd5 17. Ne6 fxe6 18. Qh5+ Ke7 19. Bxc5+ Qxc5 20. O-O-O Nd7 21. fxe6
Raf8 22. Ne4 Qe3+ 23. Kb1 Nb8 24. Rhe1 Qb6 25. g6 Nf6 26. Qxe5 Bxe4 27. Bxe4
Rd8 28. Rd7+ Rxd7 29. exd7+ Kd8 30. Bf5 Nbxd7 31. Qe7+ Kc7 32. Bxd7 Nxd7 33.
Qxg7 Qf6 34. Qxf6 Nxf6 35. Re6 Rd8 36. Kc1 Rd6 37. gxh7 1/2-1/2

[Event "SK Münster 2 - SG Niederkassel 1"]
[Site "NRW-Klasse, Gruppe 2 2016/201"]
[Date "2016.12.11"]
[Round "4.3"]
[White "Stanetzek, Carsten"]
[Black "Kubo, Thomas"]
[Result "1-0"]
[WhiteElo "2132"]
[BlackElo "2038"]
[PlyCount "93"]
[EventDate "2016.??.??"]
[WhiteTeam "SG Niederkassel 1"]
[BlackTeam "SK Münster 2"]

1. e4 c6 2. d4 d5 3. exd5 cxd5 4. c3 Nc6 5. Bf4 Nf6 6. Nd2 g6 7. h3 Bg7 8. Ngf3
O-O 9. Be2 Bd7 10. O-O Qb6 11. Qb3 Rfc8 12. Rfe1 Qd8 13. Ne5 Na5 14. Qd1 Be6
15. Bf3 Nc6 16. Qb3 Na5 17. Qd1 Nd7 18. Nd3 Bf5 19. Nb4 Nb6 20. Qe2 Be6 21. Nb3
Nxb3 22. axb3 Kf8 23. g4 Bf6 24. Kg2 Bg7 25. Rh1 Qe8 26. Ra5 Qd7 27. Nd3 Rc6
28. Nb4 Rcc8 29. Re1 a6 30. Nd3 Rc6 31. Rc5 Rac8 32. Ra1 Qd8 33. b4 Nc4 34. b5
axb5 35. Rxb5 Rb6 36. Rb4 Ra8 37. Rba4 Rba6 38. Rxa6 Rxa6 39. Rxa6 bxa6 40. b3
Nb6 41. Nc5 Bc8 42. Nxa6 Qd7 43. Nc5 Qa7 44. Qb5 e6 45. Qc6 Bd7 46. Nxd7+ Nxd7
47. Be2 1-0

[Event "SK Münster 2 - SG Niederkassel 1"]
[Site "NRW-Klasse, Gruppe 2 2016/201"]
[Date "2016.12.11"]
[Round "4.4"]
[White "Quante, Lennart"]
[Black "Broehl, Stephan"]
[Result "1/2-1/2"]
[WhiteElo "1996"]
[BlackElo "2112"]
[PlyCount "64"]
[EventDate "2016.??.??"]
[WhiteTeam "SK Münster 2"]
[BlackTeam "SG Niederkassel 1"]

1. d4 d5 2. c4 c6 3. cxd5 cxd5 4. Bf4 Nf6 5. Nf3 Nc6 6. Nc3 a6 7. Rc1 Nh5 8.
Bg3 Nxg3 9. hxg3 g6 10. e3 Bg7 11. Be2 O-O 12. O-O e6 13. Ne1 Bd7 14. Nd3 b6
15. Bf3 Rc8 16. Qe2 Qe7 17. Rfd1 f5 18. Nf4 g5 19. Nfxd5 exd5 20. Nxd5 Qd8 21.
Qxa6 Rb8 22. Qa3 Kh8 23. b4 Ne7 24. Nxe7 Qxe7 25. Rc7 g4 26. Qa7 gxf3 27. Rxd7
Qf6 28. gxf3 Ra8 29. Qc7 Rfc8 30. Qb7 Rcb8 31. Qc7 Rc8 32. Qb7 Rcb8 1/2-1/2

[Event "SK Münster 2 - SG Niederkassel 1"]
[Site "NRW-Klasse, Gruppe 2 2016/201"]
[Date "2016.12.11"]
[Round "4.5"]
[White "Riedel, Holger"]
[Black "Austrup, David"]
[Result "1-0"]
[WhiteElo "2095"]
[BlackElo "1923"]
[PlyCount "99"]
[EventDate "2016.??.??"]
[WhiteTeam "SG Niederkassel 1"]
[BlackTeam "SK Münster 2"]

1. Nf3 Nf6 2. d4 g6 3. c4 Bg7 4. Nc3 O-O 5. e4 d6 6. h3 e5 7. dxe5 dxe5 8. Qxd8
Rxd8 9. Bg5 Re8 10. O-O-O c6 11. Nxe5 Nxe4 12. Nxe4 Bxe5 13. f4 Bf5 14. Ng3 Bg7
15. Nxf5 gxf5 16. Bd3 Na6 17. Rhe1 Nc5 18. Bxf5 Na4 19. b3 Nc3 20. Rxe8+ Rxe8
21. Rd8 Rxd8 22. Bxd8 Ne2+ 23. Kd2 Nxf4 24. g3 Ne6 25. Bxe6 fxe6 26. Bc7 Kf7
27. Ke3 e5 28. Ke4 Ke6 29. Bb8 a6 30. Bc7 Bf6 31. g4 b5 32. cxb5 cxb5 33. Bb8
h6 34. Bc7 Bg7 35. Ba5 Bf6 36. Bc3 Bg7 37. Bd2 Bf8 38. h4 Bg7 39. Be3 Bf8 40.
h5 Bg7 41. g5 hxg5 42. Bxg5 a5 43. h6 Bf8 44. h7 Bg7 45. Bh6 Bh8 46. a4 bxa4
47. bxa4 Bf6 48. Bd2 Kf7 49. Bxa5 Kg7 50. Bb6 1-0

[Event "SK Münster 2 - SG Niederkassel 1"]
[Site "NRW-Klasse, Gruppe 2 2016/201"]
[Date "2016.12.11"]
[Round "4.6"]
[White "Kaufhold, Thomas"]
[Black "Freundlieb, Thomas"]
[Result "1-0"]
[WhiteElo "1992"]
[BlackElo "1998"]
[PlyCount "83"]
[EventDate "2016.??.??"]
[WhiteTeam "SK Münster 2"]
[BlackTeam "SG Niederkassel 1"]

1. d4 d6 2. c4 c6 3. Nc3 e5 4. d5 Be7 5. e4 Nf6 6. Bd3 O-O 7. Nge2 a5 8. f3 Na6
9. Be3 Nd7 10. Qd2 Ndc5 11. Bb1 a4 12. O-O Qa5 13. Nc1 Qb4 14. b3 a3 15. Nd3
Nxd3 16. Bxd3 Bd8 17. dxc6 bxc6 18. Na4 Be6 19. Rac1 Ba5 20. Qf2 Qb7 21. Rfd1
Nb4 22. Bb1 Rfd8 23. Rf1 Bc7 24. Qh4 Rf8 25. f4 f6 26. Rf3 exf4 27. Bxf4 g6 28.
Bh6 Rf7 29. Rxf6 Bd8 30. Rxf7 Bxf7 31. Qg3 Qe7 32. Qc3 Bxc4 33. Qxc4+ d5 34.
exd5 cxd5 35. Qc5 Qa7 36. Qxa7 Rxa7 37. Rc8 Rd7 38. Bg5 Nc6 39. Nc5 Rc7 40. Ra8
Kf7 41. Bxd8 Nxd8 42. Nd3 1-0

[Event "SK Münster 2 - SG Niederkassel 1"]
[Site "NRW-Klasse, Gruppe 2 2016/201"]
[Date "2016.12.11"]
[Round "4.7"]
[White "Groß, Werner"]
[Black "Baumann, Stephan"]
[Result "0-1"]
[WhiteElo "2078"]
[BlackElo "2003"]
[PlyCount "102"]
[EventDate "2016.??.??"]
[WhiteTeam "SG Niederkassel 1"]
[BlackTeam "SK Münster 2"]

1. c4 e5 2. Nc3 Nc6 3. g3 f5 4. d3 Nf6 5. Bg2 Bb4 6. Bd2 O-O 7. Nf3 Bxc3 8.
Bxc3 d6 9. b4 Qe8 10. b5 Nd8 11. a4 Ne6 12. e3 e4 13. dxe4 fxe4 14. Nd4 Nc5 15.
O-O Bg4 16. Qc2 Qh5 17. f3 exf3 18. Bxf3 Rae8 19. Bxg4 Nxg4 20. Nf5 Nxe3 21.
Nxe3 Rxe3 22. Rxf8+ Kxf8 23. Rf1+ Rf3 24. Qe2 Rxf1+ 25. Qxf1+ Qf7 26. Qh3 Qe6
27. Qxe6 Nxe6 28. Kf2 Nc5 29. Bd4 Nxa4 30. Bxa7 Nb2 31. Bb8 Nxc4 32. Bxc7 Ke7
33. Ke2 Kd7 34. b6 Kc6 35. Kd3 Nxb6 36. Bd8 Nd5 37. Bg5 Kc5 38. Bc1 Nf6 39.
Ba3+ Kd5 40. Bb2 Ne8 41. Bd4 g6 42. Bb2 Nc7 43. Bd4 Ne6 44. Bb2 Nc5+ 45. Ke3
Kc4 46. Bd4 Ne6 47. Bf6 d5 48. Be5 d4+ 49. Kd2 Ng5 50. Bf4 Ne4+ 51. Kc2 b5 0-1

[Event "SK Münster 2 - SG Niederkassel 1"]
[Site "NRW-Klasse, Gruppe 2 2016/201"]
[Date "2016.12.11"]
[Round "4.8"]
[White "Kamp, Adrian"]
[Black "Moors, Hans"]
[Result "1-0"]
[WhiteElo "1608"]
[BlackElo "2034"]
[PlyCount "59"]
[EventDate "2016.??.??"]
[WhiteTeam "SK Münster 2"]
[BlackTeam "SG Niederkassel 1"]

1. e4 e6 2. d4 d5 3. e5 c5 4. c3 Nc6 5. Nf3 Bd7 6. Bd3 cxd4 7. cxd4 Qb6 8. O-O
Nxd4 9. Nxd4 Qxd4 10. Nc3 a6 11. Be3 Qxe5 12. Re1 Nf6 13. Qb3 Bc6 14. Na4 Bd6
15. g3 Qh5 16. Nc5 d4 17. Nxe6 Qf3 18. Nxg7+ Kf8 19. Ne6+ fxe6 20. Bh6+ Ke8 21.
Qxe6+ Kd8 22. Qxd6+ Nd7 23. Bg5+ Kc8 24. Be4 Bxe4 25. Rxe4 Qxe4 26. Rc1+ Qc6
27. Rxc6+ bxc6 28. Qxc6+ Kb8 29. Bf4+ Ka7 30. Qc7# 1-0

[Event "Siegener SV 1 - SV Kamen 1"]
[Site "NRW-Klasse, Gruppe 2 2016/201"]
[Date "2016.12.11"]
[Round "4.1"]
[White "Weidemann, Christian"]
[Black "Schischke, Reinhard"]
[Result "1/2-1/2"]
[WhiteElo "2321"]
[BlackElo "2182"]
[PlyCount "32"]
[EventDate "2016.??.??"]
[WhiteTeam "SV Kamen 1"]
[BlackTeam "Siegener SV 1"]

1. e4 e5 2. Nf3 Nc6 3. Bb5 d6 4. d4 Bd7 5. Nc3 exd4 6. Nxd4 g6 7. Be3 Bg7 8.
Qd2 Nf6 9. f3 Nxd4 10. Bxd4 c6 11. Be2 O-O 12. O-O-O Be6 13. Kb1 b5 14. e5 dxe5
15. Bxe5 Qa5 16. Bxf6 Bxf6 1/2-1/2

[Event "Siegener SV 1 - SV Kamen 1"]
[Site "NRW-Klasse, Gruppe 2 2016/201"]
[Date "2016.12.11"]
[Round "4.2"]
[White "Richter, Gerald"]
[Black "Himmel, Hansjoerg"]
[Result "0-1"]
[WhiteElo "2065"]
[BlackElo "2196"]
[PlyCount "84"]
[EventDate "2016.??.??"]
[WhiteTeam "Siegener SV 1"]
[BlackTeam "SV Kamen 1"]

1. d4 e6 2. c4 b6 3. e4 Bb7 4. Bd3 Bb4+ 5. Bd2 Bxd2+ 6. Qxd2 Ne7 7. Nc3 d6 8.
O-O-O Nd7 9. f4 e5 10. Nf3 exd4 11. Nxd4 O-O 12. g4 Re8 13. h4 Nc6 14. Nf5 Nb4
15. Bb1 Nc5 16. g5 Qd7 17. Qd4 Ne6 18. Qf2 Nc5 19. Qd4 Ne6 20. Qf2 Nc5 21. Rhe1
a5 22. b3 Bc6 23. Qd4 Ne6 24. Qd2 Nc5 25. Nd5 b5 26. Qc3 Ne6 27. Nxg7 Nxd5 28.
cxd5 Nxg7 29. dxc6 Qg4 30. f5 Re5 31. Rd5 b4 32. Qd4 Nxf5 33. Qf2 Nxh4 34. Rxe5
dxe5 35. Rf1 Rf8 36. Qf6 Qg3 37. Bc2 Ng6 38. Rd1 Nf4 39. Kb1 Ne6 40. Rd5 Nd4
41. Qxe5 Qe1+ 42. Kb2 Qc3+ 0-1

[Event "Siegener SV 1 - SV Kamen 1"]
[Site "NRW-Klasse, Gruppe 2 2016/201"]
[Date "2016.12.11"]
[Round "4.3"]
[White "Luetke, Jens"]
[Black "Bouillon, Christian"]
[Result "1-0"]
[WhiteElo "2174"]
[BlackElo "2056"]
[PlyCount "63"]
[EventDate "2016.??.??"]
[WhiteTeam "SV Kamen 1"]
[BlackTeam "Siegener SV 1"]

1. Nf3 d5 2. d4 Nf6 3. e3 Bf5 4. Bd3 Bxd3 5. cxd3 c6 6. O-O g6 7. b3 Bg7 8. Qc2
O-O 9. Nc3 Na6 10. Ba3 Re8 11. b4 Nc7 12. Rab1 a6 13. Rfc1 Nd7 14. Bb2 e5 15.
dxe5 Nxe5 16. Nxe5 Bxe5 17. Ne2 Qh4 18. Bxe5 Rxe5 19. Nd4 Qg4 20. h3 Qh5 21.
Nxc6 bxc6 22. Qxc6 Rg5 23. Kf1 d4 24. e4 Ne6 25. Qxa8+ Kg7 26. Qb8 Re5 27. Qd6
Kh6 28. Rc5 Nxc5 29. bxc5 Qg5 30. Qf8+ Kh5 31. Qxf7 Rxc5 32. g4+ 1-0

[Event "Siegener SV 1 - SV Kamen 1"]
[Site "NRW-Klasse, Gruppe 2 2016/201"]
[Date "2016.12.11"]
[Round "4.4"]
[White "Becker, Frank"]
[Black "Georg, Heinz"]
[Result "1-0"]
[WhiteElo "2031"]
[BlackElo "2153"]
[PlyCount "111"]
[EventDate "2016.??.??"]
[WhiteTeam "Siegener SV 1"]
[BlackTeam "SV Kamen 1"]

1. Nf3 Nf6 2. d4 g6 3. Nbd2 d5 4. e3 Bg7 5. Bd3 O-O 6. O-O c5 7. c3 b6 8. Qe2
Bb7 9. Ne5 Nbd7 10. f4 e6 11. b3 Rc8 12. a4 a5 13. Ba3 Ne4 14. Nxe4 dxe4 15.
Bb5 Nxe5 16. dxe5 Qe7 17. Rfb1 f6 18. exf6 Bxf6 19. Bb2 e5 20. Bc4+ Kh8 21. g3
Rc7 22. Rd1 exf4 23. gxf4 Bc8 24. Bd5 h5 25. Qc2 Bg4 26. Rd2 Bf3 27. c4 Bxb2
28. Qxb2+ Kh7 29. Qe5 Qxe5 30. fxe5 Re7 31. e6 g5 32. h3 Kg7 33. Rf1 Rf6 34.
Kh2 Rg6 35. Kg3 h4+ 36. Kh2 Kh6 37. Rg1 Kh5 38. Rf2 Kh6 39. Rd2 Rf6 40. Rf2 Rf5
41. Bc6 Kg7 42. Rd2 Kf6 43. Bd7 Bh5 44. Kg2 g4 45. hxg4 Bxg4 46. Kh2 Bh5 47.
Rg8 Rf3 48. Rdg2 Rg3 49. R2xg3 hxg3+ 50. Kxg3 Bd1 51. Kf4 Bxb3 52. Rf8+ Kg7 53.
Rf5 Bxc4 54. Ke5 Bxe6 55. Bxe6 c4 56. Kd6 1-0

[Event "Siegener SV 1 - SV Kamen 1"]
[Site "NRW-Klasse, Gruppe 2 2016/201"]
[Date "2016.12.11"]
[Round "4.5"]
[White "Kleinegger, Frank"]
[Black "Guehne, Otfried"]
[Result "1/2-1/2"]
[WhiteElo "2116"]
[BlackElo "1992"]
[PlyCount "37"]
[EventDate "2016.??.??"]
[WhiteTeam "SV Kamen 1"]
[BlackTeam "Siegener SV 1"]

1. Nf3 d5 2. g3 c6 3. Bg2 Nf6 4. O-O Bf5 5. d3 h6 6. c4 dxc4 7. dxc4 Qxd1 8.
Rxd1 Nbd7 9. Nc3 e5 10. b3 Bb4 11. Bb2 O-O-O 12. Rac1 Rhe8 13. Na4 Ne4 14. a3
Bf8 15. b4 f6 16. Nd2 Nxd2 17. Rxd2 Nb6 18. Nxb6+ axb6 19. Rcd1 1/2-1/2

[Event "Siegener SV 1 - SV Kamen 1"]
[Site "NRW-Klasse, Gruppe 2 2016/201"]
[Date "2016.12.11"]
[Round "4.6"]
[White "Lindner, Torsten"]
[Black "Kilian, Ralf"]
[Result "0-1"]
[WhiteElo "1903"]
[BlackElo "2110"]
[PlyCount "102"]
[EventDate "2016.??.??"]
[WhiteTeam "Siegener SV 1"]
[BlackTeam "SV Kamen 1"]

1. e4 e6 2. d4 d5 3. Nc3 Nf6 4. e5 Nfd7 5. f4 c5 6. Nf3 Nc6 7. Be3 Qb6 8. Qd2
Qxb2 9. Rb1 Qa3 10. Be2 a6 11. O-O cxd4 12. Nxd4 Nxd4 13. Bxd4 Bc5 14. Bxc5
Qxc5+ 15. Kh1 O-O 16. Rf3 f6 17. exf6 Nxf6 18. Bd3 Bd7 19. Qe1 b5 20. Qh4 b4
21. Ne2 Bb5 22. f5 Bxd3 23. cxd3 Qc2 24. Qe1 e5 25. Ng3 Qxa2 26. Rxb4 Rfe8 27.
Rf2 Qa5 28. Qb1 Rac8 29. h3 Rc1+ 30. Qxc1 Qxb4 31. Ra2 Qh4 32. Qe3 Rb8 33. Ra1
Qf4 34. Qxf4 exf4 35. Ne2 Nh5 36. Kh2 Rb2 37. Nd4 Rd2 38. Rxa6 Rxd3 39. Nf3 Kf8
40. Ra7 Ng3 41. Ra4 Nh5 42. Ng5 Ke7 43. Ne6 f3 44. gxf3 Rxf3 45. Rg4 Rf2+ 46.
Kg1 Rxf5 47. Nxg7 Nxg7 48. Rxg7+ Rf7 49. Rg2 Kd6 50. h4 Kc5 51. h5 Rf5 0-1

[Event "Siegener SV 1 - SV Kamen 1"]
[Site "NRW-Klasse, Gruppe 2 2016/201"]
[Date "2016.12.11"]
[Round "4.7"]
[White "Seepe, Udo"]
[Black "Doehner, Hans-Juergen"]
[Result "1-0"]
[WhiteElo "2062"]
[BlackElo "1875"]
[PlyCount "111"]
[EventDate "2016.??.??"]
[WhiteTeam "SV Kamen 1"]
[BlackTeam "Siegener SV 1"]

1. Nf3 Nf6 2. b3 d5 3. Bb2 e6 4. e3 Be7 5. d4 c5 6. Nbd2 O-O 7. Bd3 b6 8. O-O
Bb7 9. Ne5 Ne4 10. f4 f6 11. Nef3 Nd7 12. c4 f5 13. Qe2 Rc8 14. Rac1 Ndf6 15.
Ne5 Bd6 16. Rfd1 Bxe5 17. dxe5 Nd7 18. cxd5 Bxd5 19. Nxe4 fxe4 20. Bc4 Nb8 21.
Bxd5 exd5 22. Qd2 Nc6 23. Qxd5+ Qxd5 24. Rxd5 Nb4 25. Rd7 Nd3 26. Rc2 Rf7 27.
Rxf7 Kxf7 28. Bc3 Ke6 29. g4 g6 30. h4 a5 31. a4 c4 32. Bd4 Kd5 33. Rxc4 Nc5
34. Bxc5 bxc5 35. Kf2 Rb8 36. Rc3 Rb4 37. Ke2 Rb7 38. Kd2 h6 39. Kc2 Rc7 40.
Kb2 g5 41. hxg5 hxg5 42. Rc1 gxf4 43. exf4 e3 44. e6 Rg7 45. Re1 Kxe6 46. Rxe3+
Kd5 47. g5 Kd4 48. Re6 Kd5 49. Rf6 Re7 50. g6 Re2+ 51. Kc3 Re3+ 52. Kc2 Rg3 53.
Rf5+ Kd4 54. Rg5 Rc3+ 55. Kb2 Rf3 56. g7 1-0